[Event "Arab Games 2011"]
[Site "0:25.10-0:25.10"]
[Date "2011.12.11"]
[Round "1"]
[White "Omar Noaman"]
[Black "Adly Ahmed"]
[Result "0-1"]
[WhiteElo "2324"]
[BlackElo "2601"]
[PlyCount "78"]
[EventDate "2011.??.??"]

1. d4 d5 2. c4 e6 3. Nc3 Nf6 4. cxd5 Nxd5 5. e4 Nxc3 6. bxc3 c5 7. Nf3 cxd4 8.
cxd4 Bb4+ 9. Bd2 Bxd2+ 10. Qxd2 O-O 11. Bc4 b6 12. O-O Bb7 13. Rfe1 Nc6 14. d5
Na5 15. Bd3 exd5 16. e5 d4 17. Ng5 h6 18. Nh7 Qh4 19. Nxf8 Rxf8 20. f3 Rd8 21.
Rac1 Bd5 22. Rc7 Nb7 23. Be4 Nc5 24. Bxd5 Rxd5 25. Rxa7 d3 26. Ra8+ Kh7 27. Ra7
Qd4+ 28. Kf1 Kg6 29. g3 b5 30. Re7 Ne6 31. h4 Rc5 32. Rc1 Rxe5 33. Re1 Rxe1+
34. Qxe1 d2 35. Qb1+ Kf6 36. Rxe6+ fxe6 37. Ke2 Qe5+ 38. Kf2 Qc5+ 39. Ke2 Qc1
0-1

[Event "Arab Games 2011"]
[Site "0:25.10-0:25.10"]
[Date "2011.12.11"]
[Round "1"]
[White "Amin Bassem"]
[Black "Shobaita Talal"]
[Result "1-0"]
[WhiteElo "2590"]
[BlackElo "2310"]
[PlyCount "55"]
[EventDate "2011.??.??"]

1. e4 c5 2. Nf3 d6 3. c3 Nf6 4. Be2 Nc6 5. d4 Bg4 6. d5 Nb8 7. O-O Nbd7 8. h3
Bxf3 9. Bxf3 g6 10. g4 h5 11. g5 Nh7 12. Be2 Bg7 13. f4 Qc7 14. Be3 O-O-O 15.
a4 e6 16. a5 a6 17. Na3 Rhe8 18. Nc4 e5 19. f5 gxf5 20. Rxf5 Ndf8 21. b4 Ng6
22. bxc5 dxc5 23. Bxh5 Kb8 24. Rb1 Rf8 25. Rb6 Nf4 26. d6 Qd7 27. Bxf4 exf4 28.
Bg4 1-0

[Event "Arab Games 2011"]
[Site "0:25.10-0:25.10"]
[Date "2011.12.11"]
[Round "1"]
[White "Mansour Sameer"]
[Black "Al-Modiahki, Mohamad"]
[Result "1/2-1/2"]
[WhiteElo "2284"]
[BlackElo "2558"]
[PlyCount "85"]
[EventDate "2011.??.??"]

1. d4 Nf6 2. c4 g6 3. Nc3 Bg7 4. e4 d6 5. Nf3 O-O 6. Be2 e5 7. O-O Nbd7 8. Be3
h6 9. Nd2 Ng4 10. Bxg4 exd4 11. Bxd4 Bxd4 12. Nf3 Bg7 13. Qd2 Re8 14. Rfe1 Nc5
15. Bxc8 Rxc8 16. Nd4 c6 17. Rad1 Qb6 18. b3 a5 19. h4 h5 20. g3 Qb4 21. Kg2 a4
22. Nxa4 Qxd2 23. Rxd2 Nxa4 24. bxa4 Ra8 25. Rb1 Rxe4 26. Nf3 Re7 27. Rxd6 Rxa4
28. Rd8+ Bf8 29. Rb2 Rxc4 30. Rb8 b5 31. Rd2 Kg7 32. Rdd8 Re2 33. Rxf8 Rcc2 34.
Ng5 Rxf2+ 35. Kg1 Rg2+ 36. Kf1 Rcf2+ 37. Ke1 Re2+ 38. Kf1 Rgf2+ 39. Kg1 Rg2+
40. Kf1 Ref2+ 41. Ke1 Re2+ 42. Kf1 Rgf2+ 43. Kg1 1/2-1/2

[Event "Arab Games 2011"]
[Site "0:25.10-0:25.10"]
[Date "2011.12.11"]
[Round "1"]
[White "Al-Sayed, Mohammed"]
[Black "Najjar Ahmad"]
[Result "1-0"]
[WhiteElo "2514"]
[BlackElo "2274"]
[PlyCount "49"]
[EventDate "2011.??.??"]

1. d4 d5 2. c4 c6 3. Nc3 dxc4 4. e4 b5 5. a4 Qb6 6. Be3 e6 7. d5 Bc5 8. a5 Qc7
9. Bxc5 cxd5 10. Bd4 f6 11. exd5 e5 12. Be3 a6 13. Nf3 Bb7 14. Be2 Nd7 15. O-O
Rd8 16. Nh4 g6 17. f4 exf4 18. Bxf4 Qc5+ 19. Kh1 Ne7 20. Ne4 Qxd5 21. Nd6+ Kf8
22. Bh6+ Kg8 23. Nxb7 Qxb7 24. Bf3 Qc7 25. Bd5+ 1-0

[Event "Arab Games 2011"]
[Site "0:00.02-0:01.31"]
[Date "2011.12.11"]
[Round "1"]
[White "Elarbi Abobker"]
[Black "Salem A R Saleh"]
[Result "0-1"]
[WhiteElo "2273"]
[BlackElo "2511"]
[PlyCount "44"]
[EventDate "2011.??.??"]

1. Nf3 Nf6 2. g3 g6 3. Bg2 Bg7 4. O-O O-O 5. d4 d5 6. c3 c5 7. Ne5 Nc6 8. Nxc6
bxc6 9. dxc5 a5 10. Qa4 Qc7 11. Nd2 e5 12. Nf3 Re8 13. h3 Rb8 14. Nd2 h5 15.
Nb3 Ra8 16. Be3 Ba6 17. Qxa5 Qd7 18. Qb4 Bxe2 19. Rfe1 Bd3 20. Na5 Qc7 21. Rad1
Be4 22. Bxe4 Nxe4 0-1

[Event "Arab Games 2011"]
[Site "0:00.36-0:01.13"]
[Date "2011.12.11"]
[Round "1"]
[White "Tissir Mohamed"]
[Black "Chahrani Ibrahim"]
[Result "1/2-1/2"]
[WhiteElo "2413"]
[BlackElo "2243"]
[PlyCount "250"]
[EventDate "2011.??.??"]

1. e4 c5 2. Nc3 d6 3. Nf3 Nf6 4. d4 cxd4 5. Nxd4 a6 6. Bc4 e6 7. Bb3 Nbd7 8.
Qf3 Nc5 9. Bg5 Be7 10. O-O-O Qc7 11. Rhe1 O-O 12. Qg3 b5 13. Bh6 Ne8 14. a3
Nxb3+ 15. cxb3 b4 16. axb4 Rb8 17. Nc2 a5 18. Rd4 axb4 19. Rxb4 Rxb4 20. Nxb4
Qb6 21. Nc2 Qxb3 22. Nd5 Qb7 23. Nxe7+ Qxe7 24. Bg5 f6 25. Bd2 e5 26. Qa3 Nc7
27. Qa7 Be6 28. Ba5 Rc8 29. Re3 Nd5 30. Qxe7 Nxe7 31. Rc3 Rxc3 32. Bxc3 d5 33.
exd5 Bxd5 34. g3 Kf7 35. Kd2 Bc4 36. Na3 Bb3 37. Kd3 Ke6 38. Bb4 Nc6 39. Bf8 g6
40. Kc3 Bd5 41. b4 f5 42. b5 Nb8 43. Kb4 f4 44. gxf4 exf4 45. Bh6 Kf5 46. Kc5
Bg2 47. Kd6 Bf1 48. Kc7 Na6+ 49. bxa6 Bxa6 50. Kd6 g5 51. Nc2 Kg6 52. Bf8 Kf5
53. f3 h5 54. Nd4+ Kg6 55. Ke5 Bb7 56. Bb4 Ba8 57. Bd2 Bb7 58. Bc1 Ba8 59. Ba3
Bb7 60. Be7 Ba8 61. Bd8 Bb7 62. Ne6 Bxf3 63. Nxg5 Bb7 64. Kxf4 Ba6 65. Nf3 Be2
66. Ne5+ Kh6 67. Bg5+ Kg7 68. Nc6 Kg6 69. Ne7+ Kf7 70. Nf5 Kg6 71. Nd4 Bd1 72.
Nc6 Be2 73. Ne5+ Kg7 74. Kg3 Bd1 75. Kh4 Be2 76. Nc6 Kg6 77. Bc1 Bd1 78. Ne5+
Kf5 79. Nd3 Kg6 80. Nf4+ Kh6 81. Nxh5+ Kg6 82. Nf4+ Kf5 83. Nd3 Kg6 84. Kg3 Bc2
85. Nf4+ Kf5 86. Ne2 Kg6 87. Ba3 Bd1 88. Nd4 Kh5 89. Be7 Kg6 90. Kf4 Kh5 91.
Bg5 Kg6 92. Nf5 Bc2 93. Ne3 Bd3 94. Bd8 Kh5 95. Nd5 Be2 96. Kg3 Bd1 97. Nf4+
Kh6 98. Kh4 Bf3 99. Bg5+ Kh7 100. Kg3 Bd1 101. Kf2 Bg4 102. Ke3 Bd1 103. Ke4
Bg4 104. Ke5 Bd1 105. Kf6 Bf3 106. Ne6 Bh5 107. Bc1 Bd1 108. h4 Be2 109. Nf4
Bd1 110. Ng6 Be2 111. Kg5 Bd1 112. Bb2 Be2 113. Ne5 Bd1 114. Ng4 Bc2 115. Nf6+
Kh8 116. Kh6 Bb1 117. Kg5 Bc2 118. h5 Bb1 119. Kh6 Bc2 120. Nd5+ Kg8 121. Ne7+
Kf7 122. Ng6 Kg8 123. Ba3 Bb1 124. Bb2 Bc2 125. Bg7 Bxg6 1/2-1/2

[Event "Arab Games 2011"]
[Site "0:00.29-0:00.19"]
[Date "2011.12.11"]
[Round "1"]
[White "Ayyad Husain"]
[Black "Karim Ismael"]
[Result "1/2-1/2"]
[WhiteElo "2209"]
[BlackElo "2405"]
[PlyCount "120"]
[EventDate "2011.??.??"]

1. e4 g6 2. Nf3 d6 3. h3 Nf6 4. Nc3 c6 5. a4 e5 6. d4 Nbd7 7. Be3 Qe7 8. Be2
Bg7 9. O-O O-O 10. dxe5 dxe5 11. Qd2 Nc5 12. Bg5 Ne6 13. Bh6 Rd8 14. Qe3 Nd4
15. Bxg7 Kxg7 16. Bd3 Nh5 17. Ne2 Nxe2+ 18. Bxe2 Nf4 19. Rfd1 Be6 20. Bf1 Qf6
21. Qc3 Rxd1 22. Rxd1 Re8 23. Kh2 Bc8 24. g3 Nh5 25. Bg2 Kg8 26. a5 a6 27. Qc5
Ng7 28. b4 h6 29. c3 Qe6 30. Qd6 Qxd6 31. Rxd6 Kf8 32. c4 Ke7 33. c5 f6 34. Bf1
Be6 35. Nd2 Rb8 36. Bc4 Bxc4 37. Nxc4 Ne6 38. Kg2 Rf8 39. Nb6 Rd8 40. Rxd8 Kxd8
41. Nc4 Nd4 42. Nd6 Nc2 43. Kf3 Nxb4 44. Ke2 Nc2 45. Kd3 Nd4 46. f4 Ne6 47.
fxe5 fxe5 48. Kc4 Ke7 49. h4 Nd8 50. g4 Kf6 51. Ne8+ Ke7 52. Nd6 Kd7 53. Kb4
Ke7 54. Kc4 Ke6 55. Kb4 Ke7 56. Kc4 Ne6 57. Nc8+ Kf6 58. Nd6 Nf4 59. Nxb7 Ke7
60. Nd6 Ne6 1/2-1/2

[Event "Arab Games 2011"]
[Site "0:00.15-0:11.13"]
[Date "2011.12.11"]
[Round "1"]
[White "Khader Sami"]
[Black "Ayyad Maher"]
[Result "1/2-1/2"]
[WhiteElo "2404"]
[BlackElo "2157"]
[PlyCount "81"]
[EventDate "2011.??.??"]

1. d4 d5 2. c4 e6 3. Nf3 Nf6 4. g3 c6 5. Nbd2 Nbd7 6. Bg2 Bd6 7. O-O O-O 8. Qc2
Re8 9. Rd1 Qe7 10. e4 Nxe4 11. Nxe4 dxe4 12. Qxe4 e5 13. Bg5 f6 14. Be3 exd4
15. Qxe7 Bxe7 16. Nxd4 Ne5 17. Rac1 Bg4 18. f3 Bh5 19. g4 Bg6 20. Ne6 Nd3 21.
Nc7 Nxc1 22. Rxc1 Bd6 23. Nxe8 Rxe8 24. Bxa7 Ra8 25. Rd1 Be5 26. Bc5 Rxa2 27.
Rd8+ Kf7 28. Rd7+ Kg8 29. Rd8+ Kf7 30. Rd7+ Kg8 31. b4 Ra1+ 32. Bf1 h5 33. Kf2
Ra2+ 34. Be2 hxg4 35. fxg4 Bf7 36. Ke3 Ra3+ 37. Kf2 Ra2 38. Ke3 Ra3+ 39. Kf2
Ra2 40. Ke3 Ra3+ 41. Ke4 1/2-1/2

[Event "Arab Games 2011"]
[Site "0:25.10-0:25.10"]
[Date "2011.12.11"]
[Round "1"]
[White "El Jawich Amro"]
[Black "Al Qudaimi Basheer"]
[Result "1/2-1/2"]
[WhiteElo "2139"]
[BlackElo "2398"]
[PlyCount "162"]
[EventDate "2011.??.??"]

1. e4 c5 2. Nf3 Nc6 3. d4 cxd4 4. Nxd4 e5 5. Nb5 d6 6. N1c3 a6 7. Na3 b5 8. Nd5
f5 9. exf5 Bxf5 10. Be3 Rb8 11. Be2 Be7 12. O-O Nf6 13. c4 b4 14. Nc2 Qd7 15.
a3 bxa3 16. bxa3 a5 17. Bd3 e4 18. Be2 O-O 19. Nd4 Nxd5 20. cxd5 Ne5 21. Rb1
Bf6 22. Bb5 Rxb5 23. Nxb5 Bg4 24. Qa4 Be2 25. Nc3 Qxa4 26. Nxa4 Bxf1 27. Kxf1
Nc4 28. Rb3 Bd4 29. Ke2 Bxe3 30. fxe3 Rf5 31. Nc3 Rh5 32. h3 Rg5 33. g4 h5 34.
Rb8+ Kh7 35. Rc8 Nxa3 36. Nxe4 Rxd5 37. gxh5 Nb5 38. Nc3 Nxc3+ 39. Rxc3 a4 40.
Ra3 Ra5 41. Kd3 Kh6 42. e4 Kxh5 43. Kc4 g5 44. Kd4 Kg6 45. Kc4 Kf6 46. Kd4 Ke6
47. Kc4 Ke5 48. Kb4 Rc5 49. Rxa4 Kxe4 50. Kb3+ Kd3 51. Rg4 Rb5+ 52. Ka4 Rf5 53.
Kb3 Ke3 54. h4 gxh4 55. Rxh4 d5 56. Kc3 Rf8 57. Rh3+ Ke4 58. Rh4+ Ke5 59. Kd3
Rf3+ 60. Ke2 Ra3 61. Kd2 Kd6 62. Rg4 Kc5 63. Rh4 Rg3 64. Rf4 Rg2+ 65. Kd3 Rh2
66. Rg4 Rh3+ 67. Kd2 Rb3 68. Rh4 Rb7 69. Kd3 Re7 70. Rg4 Rh7 71. Rf4 Rh3+ 72.
Kd2 Kd6 73. Rg4 Ke6 74. Ra4 Kf5 75. Rb4 Ke5 76. Ra4 Rb3 77. Rh4 Rg3 78. Ra4 d4
79. Ra8 Rg5 80. Ra5+ Kf4 81. Rxg5 Kxg5 1/2-1/2

[Event "Arab Games 2011"]
[Site "0:25.10-0:25.10"]
[Date "2011.12.11"]
[Round "1"]
[White "Al-Ali Hussein Ali Hussei"]
[Black "Nadir Samir"]
[Result "1-0"]
[WhiteElo "2392"]
[BlackElo "2125"]
[PlyCount "115"]
[EventDate "2011.??.??"]

1. Nf3 d5 2. c4 c6 3. e3 Nf6 4. b3 Bf5 5. Bb2 e6 6. Be2 Be7 7. O-O O-O 8. Nh4
Bg6 9. Nxg6 hxg6 10. d3 Nbd7 11. Nd2 Qc7 12. cxd5 exd5 13. Nf3 Rfe8 14. Rc1
Rad8 15. Rc2 a5 16. Qb1 Bd6 17. h3 Ne5 18. Nd4 Qe7 19. Rfc1 Ned7 20. Nf3 Ne5
21. Qa1 Nxf3+ 22. Bxf3 Ba3 23. Bxa3 Qxa3 24. Qd4 Qb4 25. Qb2 Nd7 26. a3 Qh4 27.
Qc3 Ne5 28. Be2 g5 29. d4 Nd7 30. Qxa5 Nf6 31. Qe1 g4 32. Bxg4 Nxg4 33. hxg4
Qxg4 34. Qe2 Qg5 35. b4 Rd6 36. b5 Rg6 37. g3 Ree6 38. bxc6 bxc6 39. Rb1 Qf5
40. Rb8+ Kh7 41. Rcb2 Rh6 42. Qc2 Re4 43. Qd1 Qh3 44. Qf3 Qh2+ 45. Kf1 Rf6 46.
Qg2 Qh5 47. Kg1 Qd1+ 48. Qf1 Qf3 49. Qe2 Qf5 50. Rd8 Rfe6 51. Qf1 Qf3 52. Rbb8
Kg6 53. Rh8 Rf6 54. Rbe8 Rfe6 55. Rxe6+ Rxe6 56. a4 Qe4 57. Qd1 Qf5 58. a5 1-0

[Event "Arab Games 2011"]
[Site "0:25.10-0:25.10"]
[Date "2011.12.11"]
[Round "1"]
[White "Ahmed Abuzied"]
[Black "Haddouche Mohamed"]
[Result "0-1"]
[WhiteElo "2059"]
[BlackElo "2386"]
[PlyCount "66"]
[EventDate "2011.??.??"]

1. e4 e5 2. Nf3 Nc6 3. Bb5 a6 4. Ba4 Nf6 5. O-O Be7 6. Re1 b5 7. Bb3 d6 8. c3
O-O 9. h3 Nb8 10. d4 Nbd7 11. Nbd2 Bb7 12. Bc2 Re8 13. Nf1 Bf8 14. Ng3 g6 15.
a4 c5 16. d5 c4 17. Bg5 h6 18. Be3 Nc5 19. Qd2 h5 20. Bg5 Be7 21. Ra3 Rb8 22.
Rea1 Nfd7 23. axb5 axb5 24. Be3 Qc7 25. Bg5 Nb6 26. Bxe7 Qxe7 27. Ra5 Ra8 28.
Qc1 Ba6 29. Qh6 Qf8 30. Qg5 Kh7 31. Qf6 Qe7 32. Qxe7 Rxe7 33. Nd2 Nba4 0-1

[Event "Arab Games 2011"]
[Site "0:25.10-0:25.10"]
[Date "2011.12.11"]
[Round "1"]
[White "Sabar Daoud"]
[Black "Obada Ahmad Azeezjawad"]
[Result "0-1"]
[WhiteElo "2034"]
[BlackElo "2353"]
[PlyCount "60"]
[EventDate "2011.??.??"]

1. d4 Nf6 2. Nf3 g6 3. g3 Bg7 4. Bg2 O-O 5. O-O d5 6. b3 Ne4 7. Bb2 c5 8. e3
Nc6 9. Qe2 Bg4 10. Rd1 cxd4 11. exd4 Qd7 12. Qe3 f5 13. h3 f4 14. gxf4 Bh5 15.
Na3 Bh6 16. Ne5 Qf5 17. Nd3 Bxd1 18. Rxd1 Bxf4 19. Nxf4 Qxf4 20. Bxe4 dxe4 21.
d5 Qxe3 22. fxe3 Rad8 23. Nb5 Nb4 24. c4 Nd3 25. Bd4 a6 26. Nc7 Nf2 27. Rb1
Nxh3+ 28. Kg2 Ng5 29. Rh1 Rf3 30. Rh4 Rdf8 0-1

[Event "Arab Games 2011"]
[Site "0:25.10-0:25.10"]
[Date "2011.12.11"]
[Round "1"]
[White "Njili Kamel"]
[Black "Takrory Hosam"]
[Result "1-0"]
[WhiteElo "2344"]
[BlackElo "2034"]
[PlyCount "89"]
[EventDate "2011.??.??"]

1. e4 e5 2. Nf3 Nc6 3. Bb5 f5 4. d3 fxe4 5. dxe4 Nf6 6. O-O Bc5 7. Bg5 d6 8.
Nc3 O-O 9. Nd5 Ne7 10. Nxf6+ gxf6 11. Bh6 Rf7 12. Bc4 d5 13. exd5 Bd6 14. Nh4
Ng6 15. Qh5 Nxh4 16. Qxh4 Qd7 17. f4 Qg4 18. Qxg4+ Bxg4 19. fxe5 fxe5 20. Rxf7
Kxf7 21. Rf1+ Kg6 22. Be3 Bf5 23. Rf2 a5 24. a4 Be4 25. Kf1 Rf8 26. Rxf8 Bxf8
27. Bd3 Bxd3+ 28. cxd3 Kf5 29. Ke2 e4 30. Bd2 b6 31. Bc3 Bc5 32. h3 h5 33. g4+
hxg4 34. hxg4+ Kf4 35. g5 exd3+ 36. Kxd3 Kxg5 37. Be5 Kg6 38. Bxc7 Kf7 39. Kc4
Ke7 40. Kb5 Bd4 41. Kc6 Bxb2 42. d6+ Ke6 43. d7 Bf6 44. Bxb6 Be7 45. Bxa5 1-0

[Event "Arab Games 2011"]
[Site "0:25.10-0:25.10"]
[Date "2011.12.11"]
[Round "2"]
[White "Adly Ahmed"]
[Black "Al-Zendani, Zendan"]
[Result "1-0"]
[WhiteElo "2601"]
[BlackElo "2384"]
[PlyCount "61"]
[EventDate "2011.??.??"]

1. Nf3 Nf6 2. c4 e6 3. g3 d5 4. Bg2 Be7 5. O-O dxc4 6. Qa4+ Nbd7 7. Qxc4 Nb6 8.
Qc2 O-O 9. d4 Bd7 10. Ne5 Rb8 11. Nc3 Nbd5 12. e4 Nxc3 13. bxc3 c5 14. d5 exd5
15. exd5 Bd6 16. Nc4 Ne8 17. Re1 Bb5 18. Ne3 Bd7 19. a4 g6 20. Nc4 Bf5 21. Qd1
Kg7 22. Be3 b6 23. Qd2 Rg8 24. Bh6+ Kh8 25. Re2 Bg4 26. Re4 Bf5 27. Re2 Bg4 28.
Ree1 Rb7 29. Bf4 Re7 30. Nxd6 Rxe1+ 31. Qxe1 1-0

[Event "Arab Games 2011"]
[Site "0:25.10-0:25.10"]
[Date "2011.12.11"]
[Round "2"]
[White "Haddouche, Mohamed"]
[Black "Amin Bassem"]
[Result "1-0"]
[WhiteElo "2386"]
[BlackElo "2590"]
[PlyCount "83"]
[EventDate "2011.??.??"]

1. e4 e5 2. Nf3 Nc6 3. Bc4 Nf6 4. d3 h6 5. O-O d6 6. Re1 g6 7. d4 Bg4 8. Bb5
Nd7 9. Bxc6 bxc6 10. Nbd2 Bg7 11. h3 Be6 12. Nb3 exd4 13. Nbxd4 c5 14. Nxe6
fxe6 15. Qd3 Kf7 16. Bf4 Rb8 17. e5 d5 18. b3 Rf8 19. Bg3 Re8 20. Rad1 Nf8 21.
Qa6 Qd7 22. Qxa7 Qc6 23. Qa3 Kg8 24. c4 d4 25. Nd2 Nd7 26. Ne4 Rf8 27. Qc1 Rf5
28. f4 Rbf8 29. Qd2 h5 30. Bh4 Rxf4 31. Nf6+ R8xf6 32. Bxf6 Bh6 33. Qd3 Kh7 34.
Rf1 Rf5 35. Rxf5 gxf5 36. Qf3 Qe4 37. Qxh5 Qe3+ 38. Kh1 Kg8 39. Qf3 Qe4 40. a4
Nb8 41. Qh5 Qe3 42. Qf7+ 1-0

[Event "Arab Games 2011"]
[Site "0:25.10-0:25.10"]
[Date "2011.12.11"]
[Round "2"]
[White "Obada Ahmad, Azeezjawad"]
[Black "Al-Sayed, Mohammed"]
[Result "0-1"]
[WhiteElo "2353"]
[BlackElo "2514"]
[PlyCount "72"]
[EventDate "2011.??.??"]

1. e4 c5 2. Nf3 d6 3. d4 cxd4 4. Nxd4 Nf6 5. Nc3 a6 6. Be3 Nbd7 7. f3 e6 8. Bc4
Qc7 9. Bb3 Nc5 10. a4 Be7 11. Ba2 O-O 12. Qd2 b6 13. O-O Bb7 14. Rfd1 Rac8 15.
Qf2 Rfd8 16. g4 g6 17. h4 d5 18. g5 Nh5 19. exd5 exd5 20. Nde2 Qe5 21. Bd4 Qf5
22. Ng3 Nxg3 23. Qxg3 Ne6 24. Bxb6 Bd6 25. Qg4 Qxc2 26. Qg2 Qf5 27. Bxd5 Nf4
28. Qg4 Qxg4+ 29. fxg4 Nxd5 30. Rxd5 Bxd5 31. Nxd5 Bc5+ 32. Bxc5 Rxd5 33. Be7
Rd4 34. b4 Rxg4+ 35. Kf2 Re4 36. Re1 Rxe1 0-1

[Event "Arab Games 2011"]
[Site "0:25.10-0:25.10"]
[Date "2011.12.11"]
[Round "2"]
[White "Salem A R Saleh"]
[Black "Njili Kamel"]
[Result "1-0"]
[WhiteElo "2511"]
[BlackElo "2344"]
[PlyCount "97"]
[EventDate "2011.??.??"]

1. d4 Nf6 2. c4 e6 3. Nc3 Bb4 4. e3 O-O 5. Bd3 b6 6. Nf3 Bb7 7. O-O Bxc3 8.
bxc3 Ne4 9. Qc2 f5 10. Ne1 Qh4 11. f3 Nf6 12. a4 d6 13. a5 Nbd7 14. Qb3 c5 15.
Nc2 g6 16. Na3 e5 17. Nb5 e4 18. Nxd6 exf3 19. gxf3 Bc6 20. d5 Ne5 21. dxc6
Nxd3 22. Qc2 Nxc1 23. c7 Qg5+ 24. Kh1 Qxe3 25. axb6 axb6 26. Rxa8 Rxa8 27. Qxc1
Qe6 28. Qf4 Ne8 29. c8=Q Rxc8 30. Nxc8 Qxc8 31. Qe5 Qd7 32. Re1 Kf7 33. Qd5+
Qxd5 34. cxd5 b5 35. Kg2 g5 36. Kg3 b4 37. cxb4 cxb4 38. Kf2 h5 39. Ke3 Nf6 40.
Kd4 g4 41. fxg4 fxg4 42. Ke5 Kg6 43. Rb1 h4 44. Rxb4 Kg5 45. Rb7 g3 46. hxg3
Ng4+ 47. Ke4 Nf6+ 48. Kf3 hxg3 49. d6 1-0

[Event "Arab Games 2011"]
[Site "0:25.10-0:25.10"]
[Date "2011.12.11"]
[Round "2"]
[White "Kaabi Mejdi"]
[Black "Al-Ali Hussein, Ali Hussei"]
[Result "1-0"]
[WhiteElo "2342"]
[BlackElo "2392"]
[PlyCount "107"]
[EventDate "2011.??.??"]

1. d4 Nf6 2. Nf3 e6 3. c4 Bb4+ 4. Bd2 c5 5. Bxb4 cxb4 6. Nbd2 O-O 7. e3 Nc6 8.
Bd3 d6 9. O-O e5 10. h3 Qe7 11. Qb1 Re8 12. d5 Nb8 13. Bf5 Na6 14. a3 Bd7 15.
Bxd7 Qxd7 16. Qc2 b6 17. Qb3 bxa3 18. Qxa3 Nc5 19. b4 Nce4 20. Rfd1 a5 21. Nxe4
Nxe4 22. Nd2 Nf6 23. bxa5 bxa5 24. c5 dxc5 25. Nc4 Qa7 26. Qxa5 Qxa5 27. Rxa5
Rxa5 28. Nxa5 Rd8 29. d6 Ne8 30. Nc4 f6 31. d7 Nc7 32. Na5 Ne6 33. Nc6 Kf7 34.
Nxd8+ Nxd8 35. Rc1 Ke7 36. Rxc5 Kxd7 37. Ra5 Ne6 38. g3 Kd6 39. Kg2 g6 40. h4
h5 41. Ra7 Nc7 42. Kf3 Nd5 43. e4 Nc7 44. g4 hxg4+ 45. Kxg4 Ne8 46. h5 gxh5+
47. Kxh5 Kc5 48. Re7 Nd6 49. f3 Kd4 50. Rd7 Ke3 51. Rxd6 Kxf3 52. Rxf6+ Kxe4
53. Kg4 Ke3 54. Re6 1-0

[Event "Arab Games 2011"]
[Site "0:25.10-0:25.10"]
[Date "2011.12.11"]
[Round "2"]
[White "Ayyad Maher"]
[Black "Tissir Mohamed"]
[Result "1-0"]
[WhiteElo "2157"]
[BlackElo "2413"]
[PlyCount "124"]
[EventDate "2011.??.??"]

1. d4 d6 2. Nf3 g6 3. c4 Bg7 4. Nc3 Nf6 5. e4 O-O 6. Be2 Nbd7 7. O-O e5 8. Qc2
exd4 9. Nxd4 Re8 10. Rd1 c6 11. Be3 Qe7 12. f3 Nh5 13. Qd2 Be5 14. f4 Bxd4 15.
Qxd4 Nhf6 16. Bf3 Nb6 17. b3 Ng4 18. Bc1 Qh4 19. h3 c5 20. Qd2 h5 21. Bb2 Nf6
22. Qxd6 Bxh3 23. gxh3 Rad8 24. Qxc5 Qxf4 25. Qf2 Nh7 26. Bg2 Qg5 27. c5 Nd7
28. Rd5 Ne5 29. Rf1 f5 30. exf5 Nd3 31. Rxd3 Rxd3 32. fxg6 Qxg6 33. Kh1 Rf8 34.
Qg1 Rxf1 35. Qxf1 Nf6 36. Ne2 Ne4 37. Qf4 Nxc5 38. Qc4+ Qe6 39. Qxc5 Qxe2 40.
Qc8+ Kf7 41. Qxb7+ Ke6 42. Qc6+ Rd6 43. Bd5+ Kf5 44. Qc8+ Kg5 45. Qg8+ Kh4 46.
Qg2 Qe3 47. Bf3 a5 48. Ba3 Rf6 49. Be2 Re6 50. Bf1 Rf6 51. Bb2 Rf2 52. Bc1
Rxf1+ 53. Qxf1 Kg3 54. Qg1+ Qxg1+ 55. Kxg1 Kxh3 56. a3 Kg3 57. b4 axb4 58. axb4
Kf3 59. b5 Ke4 60. b6 Kd5 61. Be3 Kc6 62. Kh2 Kd5 1-0

[Event "Arab Games 2011"]
[Site "0:25.10-0:25.10"]
[Date "2011.12.11"]
[Round "2"]
[White "Karim Ismael"]
[Black "Mansour Sameer"]
[Result "1-0"]
[WhiteElo "2405"]
[BlackElo "2284"]
[PlyCount "59"]
[EventDate "2011.??.??"]

1. e4 c5 2. Nf3 g6 3. d4 cxd4 4. Nxd4 Bg7 5. Nc3 Nc6 6. Be3 Nf6 7. f4 O-O 8. e5
Ne8 9. Bc4 d6 10. e6 f5 11. O-O Nf6 12. h3 d5 13. Bb3 Nxd4 14. Bxd4 Bxe6 15.
Bxf6 Bxf6 16. Bxd5 Qb6+ 17. Kh1 Rad8 18. Qf3 Bxc3 19. Bxe6+ Qxe6 20. bxc3 Qe4
21. Qf2 Qc6 22. Rae1 Rd7 23. Re3 Rfd8 24. Rfe1 Qc5 25. Qh4 Re8 26. Qg3 Kf7 27.
h4 Rd2 28. h5 Qc6 29. Re6 Qxe6 30. Rxe6 1-0

[Event "Arab Games 2011"]
[Site "0:25.10-0:25.10"]
[Date "2011.12.11"]
[Round "2"]
[White "Chahrani Ibrahim"]
[Black "Khader Sami"]
[Result "1-0"]
[WhiteElo "2243"]
[BlackElo "2404"]
[PlyCount "112"]
[EventDate "2011.??.??"]

1. d4 Nf6 2. c4 e6 3. Nc3 Bb4 4. Qc2 d5 5. a3 Bxc3+ 6. Qxc3 Ne4 7. Qc2 e5 8.
cxd5 Qxd5 9. f3 Nd6 10. dxe5 Qxe5 11. Qc3 Qxc3+ 12. bxc3 Nc6 13. e4 f5 14. exf5
Bxf5 15. Ne2 O-O-O 16. Kf2 Rhf8 17. Be3 Bg6 18. Ng3 Ne5 19. Bd4 Ng4+ 20. Kg1
Nf6 21. Kf2 c5 22. Bxf6 Rxf6 23. Be2 h5 24. h4 Rf4 25. Rad1 Ra4 26. Rd5 b6 27.
Rg5 Be8 28. Rxg7 Rxa3 29. Rd1 Ra2 30. Kf1 Nb5 31. Rxd8+ Kxd8 32. f4 Nxc3 33.
Bxh5 Ra1+ 34. Kf2 Ra2+ 35. Kf1 Bc6 36. Nf5 Ra1+ 37. Kf2 Ne4+ 38. Ke3 Ra3+ 39.
Ke2 Bb5+ 40. Kd1 Ba4+ 41. Kc1 Rc3+ 42. Kb1 Nd2+ 43. Kb2 Rc2+ 44. Ka1 Nb3+ 45.
Kb1 Nd2+ 46. Ka1 a5 47. Bf7 c4 48. Nd4 Nb3+ 49. Nxb3 Bxb3 50. h5 a4 51. Bg6
Rxg2 52. h6 c3 53. h7 Rg1+ 54. Bb1 Rh1 55. Rg8+ Kc7 56. Rb8 Kxb8 1-0

[Event "Arab Games 2011"]
[Site "0:25.10-0:25.10"]
[Date "2011.12.11"]
[Round "2"]
[White "Al Qudaimi Basheer"]
[Black "Ayyad Husain"]
[Result "1-0"]
[WhiteElo "2398"]
[BlackElo "2209"]
[PlyCount "137"]
[EventDate "2011.??.??"]

1. e4 e5 2. Nf3 Nc6 3. Bb5 a6 4. Ba4 Nf6 5. Bxc6 dxc6 6. Nc3 Bg4 7. h3 Bxf3 8.
Qxf3 Bb4 9. Ne2 Nd7 10. Qb3 Bc5 11. Qxb7 O-O 12. Qxc6 Re8 13. O-O Re6 14. Qd5
Rd6 15. Qc4 Qh4 16. Kh2 Rg6 17. g3 Qh5 18. Ng1 Rf6 19. Kg2 Rb8 20. Qe2 Qg6 21.
Qg4 Qxg4 22. hxg4 Bd4 23. Rb1 Rc6 24. c3 Ba7 25. Nf3 f6 26. Ne1 Rc4 27. f3 Ra4
28. Ra1 Nc5 29. Nc2 Nd3 30. b3 Ra5 31. b4 Ra4 32. Ne1 Nxc1 33. Rxc1 Rxa2 34.
Rc2 Ra4 35. Nd3 Rd8 36. Nc1 c5 37. bxc5 Bxc5 38. Nb3 Be7 39. Rd1 Ra3 40. Rb2 a5
41. Rdb1 Rb8 42. Kf2 a4 43. Nc1 Rxb2 44. Rxb2 Ra1 45. Rc2 Bc5+ 46. Ke2 Rb1 47.
Nd3 Bb6 48. Ra2 Rg1 49. c4 Bd4 50. c5 Kf7 51. Rxa4 Rg2+ 52. Kd1 Rxg3 53. Ra7+
Ke6 54. Ra6+ Ke7 55. c6 Rxf3 56. Nb4 Rf1+ 57. Ke2 Ra1 58. c7 Kd7 59. Rc6 Ra8
60. Rc1 Rc8 61. Nd5 Kd6 62. Kd3 g6 63. Nxf6 Ke6 64. Nd5 h5 65. gxh5 gxh5 66.
Rh1 Rh8 67. Rxh5 Rc8 68. Kc4 Bf2 69. Kb5 1-0

[Event "Arab Games 2011"]
[Site "0:25.10-0:25.10"]
[Date "2011.12.11"]
[Round "2"]
[White "Shobaita Talal"]
[Black "El Jawich Amro"]
[Result "0-1"]
[WhiteElo "2310"]
[BlackElo "2139"]
[PlyCount "72"]
[EventDate "2011.??.??"]

1. d4 Nf6 2. Nf3 g6 3. Bf4 Bg7 4. e3 O-O 5. Nbd2 c5 6. c3 Nc6 7. h3 d6 8. Be2
Nd7 9. d5 Nce5 10. O-O Rb8 11. a4 b6 12. Nc4 Nxf3+ 13. Bxf3 Qc7 14. Re1 a6 15.
Qc2 Bb7 16. Rad1 b5 17. axb5 axb5 18. Na3 Ba6 19. Be2 b4 20. Nb1 Bxe2 21. Rxe2
bxc3 22. Nxc3 Rb7 23. e4 Rfb8 24. Rb1 Qa5 25. Nd1 Nb6 26. Bd2 Qa4 27. b3 Qa6
28. Bc3 Bxc3 29. Nxc3 Nd7 30. Re3 c4 31. bxc4 Qxc4 32. Rxb7 Rxb7 33. Qe2 Qxe2
34. Nxe2 Rb4 35. f4 Nf6 36. Nc3 Rc4 0-1

[Event "Arab Games 2011"]
[Site "0:25.10-0:25.10"]
[Date "2011.12.11"]
[Round "2"]
[White "Omar Abdulrahman"]
[Black "Omar Noaman"]
[Result "1-0"]
[WhiteElo "2045"]
[BlackElo "2324"]
[PlyCount "87"]
[EventDate "2011.??.??"]

1. d4 d5 2. c4 e6 3. cxd5 exd5 4. Nc3 c6 5. Nf3 Bf5 6. e3 Bd6 7. Bd3 Bxd3 8.
Qxd3 Nf6 9. O-O O-O 10. Bd2 Qe7 11. a3 a5 12. Rab1 Nbd7 13. Rfd1 Ne4 14. Be1 f5
15. Nd2 Rae8 16. Ne2 Rf6 17. Nf4 g5 18. Ne2 f4 19. Nxe4 dxe4 20. Qb3+ Kh8 21.
Qxb7 f3 22. Ng3 fxg2 23. d5 c5 24. Bc3 Bxg3 25. hxg3 Ref8 26. Rd2 Qe8 27. Kxg2
Kg8 28. Bxf6 Rxf6 29. Rh1 Kg7 30. d6 Kg6 31. Qd5 Rf5 32. Qb3 h5 33. Qd1 Rf3 34.
Qb3 Qf8 35. Qe6+ Nf6 36. d7 Qd8 37. Rd6 Kg7 38. Rxh5 Nxh5 39. Qh6+ Kf7 40.
Qxh5+ Kf8 41. Qh6+ Kf7 42. Rg6 Ke7 43. Qxg5+ Kxd7 44. Rd6+ 1-0